|
|
|
|
| LEADER |
01104nam a2200265 a 4500 |
| 001 |
498379 |
| 008 |
100519r20001989nyua 000 0 eng d |
| 010 |
|
|
|a 85020468
|
| 020 |
|
|
|a 0750606274
|
| 020 |
|
|
|a 0486250237 (pbk.) :
|c $8.95
|
| 040 |
|
|
|a DLC
|c DLC
|d DLC
|d DB-DhAAL
|
| 082 |
0 |
0 |
|a 720
|2 19
|
| 100 |
0 |
|
|a Le Corbusier,
|d 1887-1965.
|
| 240 |
1 |
0 |
|a Vers une architecture.
|l English
|
| 245 |
1 |
0 |
|a Towards a new architecture /
|c by Le Corbusier ; translated from the thirteenth French edition and with an introduction by Frederick Etchells.
|
| 260 |
|
|
|a New York :
|b Dover Publications,
|c 1989.[reprinted 2000]
|
| 300 |
|
|
|a xix, 289 p. :
|b ill. ;
|c 24 cm.
|
| 500 |
|
|
|a Translation of: Vers une architecture.
|
| 500 |
|
|
|a Reprint. Originally published: London : J. Rodker, 1931.
|
| 541 |
1 |
|
|e 00013763
|
| 650 |
|
0 |
|a Architecture.
|
| 650 |
|
0 |
|a Functionalism (Architecture)
|
| 852 |
4 |
|
|a Ayesha Abed Library
|j General Shelf.
|
| 999 |
|
|
|c 8646
|d 8646
|
| 952 |
|
|
|0 0
|1 0
|2 ddc
|4 0
|6 720_LEC_200000000000000
|7 0
|9 10337
|a BRACUL
|b BRACUL
|c GEN
|d 2010-05-19
|l 19
|m 144
|o 720 LEC
|p 3010013763
|r 2025-10-22
|s 2025-10-11
|t 1
|w 2010-05-19
|y BK
|